| 000 | 00862nam0a22002291 4500 | ||
|---|---|---|---|
| 001 | v19\rc\1222054 | ||
| 005 | 20260407121437.0 | ||
| 035 | _a(NLR Aleph) 004383980 | ||
| 090 |
_a3663906 _c3663906 |
||
| 100 | _a20060306d1876 |||y0rusy50 ca | ||
| 101 | 0 | _arus | |
| 102 | _aRU | ||
| 105 | _ay z ||||| | ||
| 200 | 1 |
_aО составе Трощинского для чернения амуничных юфтовых ремней _e(По Глав. интендантск. упр.) _eЦиркулярно, 16-го ноября 1876 г. _fМ-во воен. Глав. штаб |
|
| 210 |
_a[Санкт-Петербург] _dценз. 1876 |
||
| 215 | _a[2] с. | ||
| 710 | 0 | 1 |
_aРоссия _bГлавный штаб _3RU\NLR\AUTH\889955358 _9406795 |
| 801 | 0 |
_aRU _bNLR _gpsbo |
|
| 801 | 1 |
_aRU _bProSoft-M _2rusmarc |
|
| 852 |
_aNLR _j18.142.3.49 |
||
| 942 | _cBOOK | ||
| 980 | _aNB | ||